000
00307nam a22001097a 4500
008
170718b xxu||||| |||| 00| 0 eng d
050
_a
UN/2008/123-125/MIS/17
245
_a
Capacity development :Empowering people and Institutions
260
_a
New York:
_b
UNDP
_c
2008.
300
_a
35
_c
24cm
942
_2
lcc
_c
BK
999
_c
6425
_d
13925